01366nam a2200301 a 450000100060000000300080000600500170001400800410003103500190007204000270009104100080011808200260012610000360015224500680018826000700025630000210032650000640034750401000041165000350051165000400054665000520058671000700063871000620070894200120077099900170078295201300079995201350092953364BD-RjUL20211209075941.0161005s2000 fr f000 0 fre  a(BD-RjUL)53484 aDLCcDLCdBD-RjULbeng aeng00223a842.092bTHT 20001 aThibaudat, Jean-Pierre.915948610aThéâtre français contemporain /c[Jean-Pierre Thibaudat]. aParis :bMinistère des affaires étrangères ;bADPF,c2000. a160 p. ;c25 cm. aPublished on the occasion of an exhibition on the theater. a"Tentative d'inventaire pour une bibliothèque idéale du théâtre français": p. 28-108. 0aTheatervBibliography.9159487 0aFrench dramavBibliography.9159488 0aTheaterzFrancexHistoryy20th century.91594892 aAssociation pour la diffusion de la pensée française.91594901 aFrance.bMinistère des affaires étrangères.9159491 2ddccBK c53364d53364 00102ddc40708NFICaRUCLbRUCLcStackd2008-01-02erajshihil0o842.092 THT 2000r2016-10-05 00:00:00tC-2w2021-12-09yBK 00102ddc40718NFICaRUCLbRUCLcReadingd2008-01-02eauther R.U.l0o842.092 THT 2000r2017-01-23 00:00:00tC-1w2017-01-23yBK